00438nam a2200181Ia 4500008004100000020001800041050001400059100001700073245002000090245004700110260001500157260001600172260000900188300001400197300002700211300001000238500000800248170918s9999 xx 000 0 und d a9780545036054 bK359 2006 aKennedy, Kim aPirate Pete's / cKim Kennedy ; illustrated by Doug Kennedy. aNew York : bScholastic, c2006 aunpaged : bcolored illustration ; c23cm. a780